Score 0/20 Timer 04:00
2 Plays Today
Opening Lyrics Missing Word % Correct
Now this is the ____ all about how my life got flipped turned upside down...story
90%
Come and ____ on our door, we've been waiting for you...knock
84.6%
You take the ____, you take the bad...good
82.7%
What would you do if I sang out of ____...tune
80.4%
I bet we been together for a million ____. And I bet we'll be together for a million more...years
78%
They're creepy and they're kooky, Mysterious and ____...spooky
75.7%
It seems today that all you see is ____ in movies and sex on TV...violence
72.9%
Hangin' out. Down the ____, the same old thing we did last week...street
69.9%
Men men men men, ____ men men men...manly
62.7%
A horse is a horse of course, of course, and no one can ____ to a horse...talk
60.8%
Opening Lyrics Missing Word % Correct
Come and listen to a story about a man named ____...Jed
58.3%
Just sit right back and you'll hear a tale, a tale of a fateful ____...trip
56.4%
Show me that ____ again, don't waste another minute on your cryin'...smile
49.6%
There's a time for love and a time for living. You take a chance and face the ____...wind
33.2%
Schlemiel! Schlemazel! Hasenpfeffer ____ ! We're gonna do it...incorporated
33.2%
Welcome back, your dreams were your ____ out. Welcome back, to that same old place that you laughed about...ticket
30.3%
New boy in the neighborhood lives downstairs and it's ____...understood
10.2%
Streaks on the ____ never mattered before...china
7.7%
Sometimes the world looks perfect, nothing to rearrange. Sometimes you just get a ____...feeling
7.7%
Tell me why, I love you like I do. Tell me who, could ____ my heart as much as you...stop
5%

Today's Daily Dose

Remove Ads.
Support Sporcle.
Get the best of Sporcle when you Go Orange. This ad-free experience offers more features, more stats, and more fun while also helping to support Sporcle. Thank you for becoming a member.

You're not logged in!

Compare scores with friends on all Sporcle quizzes.
OR
Log In

Show Comments

Extras

Top Quizzes Today


Score Distribution

Your Account Isn't Verified!

In order to create a playlist on Sporcle, you need to verify the email address you used during registration. Go to your Sporcle Settings to finish the process.

Report this User

Report this user for behavior that violates our Community Guidelines.

Details: